| 000 -LEADER |
| fixed length control field |
00757nam a2200205Ia 4500 |
| 001 - CONTROL NUMBER |
| control field |
7971 |
| 003 - CONTROL NUMBER IDENTIFIER |
| control field |
GE_BSU |
| 008 - FIXED-LENGTH DATA ELEMENTS--GENERAL INFORMATION |
| fixed length control field |
181216s||||||||xx |||||||||||||| ||und|| |
| 040 ## - CATALOGING SOURCE |
| Transcribing agency |
GE_BSU |
| 245 ## - TITLE STATEMENT |
| Title |
კარიბჭე №21(237)10-23ოქტომბერი. 2013 |
| 245 ## - TITLE STATEMENT |
| Remainder of title |
მართლმადიდებლური ჟურნალი. |
| 245 ## - TITLE STATEMENT |
| Statement of responsibility, etc. |
მთავარი რედაქტორი: თამარ მამაცაშვილი. |
| 260 ## - PUBLICATION, DISTRIBUTION, ETC. |
| Place of publication, distribution, etc. |
თბილისი. |
| 260 ## - PUBLICATION, DISTRIBUTION, ETC. |
| Date of publication, distribution, etc. |
2013. |
| 300 ## - PHYSICAL DESCRIPTION |
| Extent |
78გვ;29სმ. |
| 520 ## - SUMMARY, ETC. |
| Summary, etc. |
გამოდის ყოველ მეორე ხუთშაბათს |
| 653 ## - INDEX TERM--UNCONTROLLED |
| Uncontrolled term |
კარიბჭე. |
| 653 ## - INDEX TERM--UNCONTROLLED |
| Uncontrolled term |
პერიოდიკა |
| 942 ## - ADDED ENTRY ELEMENTS (KOHA) |
| Koha item type |
პერიოდიკა |